Foundation for success : (Record no. 142277)

MARC details
000 -LEADER
fixed length control field 00630nam a22001937a 4500
005 - DATE AND TIME OF LATEST TRANSACTION
control field 20170704150430.0
010 ## - LCCN (DPL NO)
LC control number ENG-119103
020 ## - INTERNATIONAL STANDARD BOOK NUMBER
International Standard Book Number 9789351867739
Terms of availability 300.00
035 ## - SYSTEM CONTROL NUMBER
System control number EN-102635
037 ## - SOURCE OF ACQUISITION
Source of stock number/acquisition DBAD/PUB
082 ## - DEWEY DECIMAL CLASSIFICATION NUMBER
Classification number 158.1
100 ## - MAIN ENTRY--PERSONAL NAME
Personal name Hill, Napoleon
245 ## - TITLE STATEMENT
Title Foundation for success :
Statement of responsibility, etc by Napoleon Hill [and] Judith Williamson
Remainder of title 52 Action activities to spark your personal initiative/
260 ## - PUBLICATION, DISTRIBUTION, ETC. (IMPRINT)
Place of publication, distribution, etc New Delhi
Name of publisher, distributor, etc Prabhat Prakashan
Date of publication, distribution, etc 2016
270 ## - ADDRESS
Address 4/19 Asaf Ali Road
City New Delhi
Postal code 110002
300 ## - PHYSICAL DESCRIPTION
Extent viii,164p
Other physical details 23cm(Hb)
700 ## - ADDED ENTRY--PERSONAL NAME
Personal name Williamson, Judith
942 ## - ADDED ENTRY ELEMENTS (KOHA)
Source of classification or shelving scheme Dewey Decimal Classification
Item type English Books
Classification part 158.1
Call number suffix HIL
Holdings
Withdrawn status Lost status Not for loan Collection code Home library Current library Date acquired Source of acquisition Cost, normal purchase price Full call number Barcode Copy number Cost, replacement price Koha item type
      Non-fiction D.B.Act.Division Bawana 04/07/2017 DBAD/PUB 300.00 158.1 HIL EN-102635 1 300.00 English Books

© Delhi Public Library
Hit Counter
free hit counter